Advanced option pricing models : An empirical approach to valuing options

Đã lưu trong:
書目詳細資料
主要作者: Katz, Jeffrey Owen
格式: 圖書
語言:Undetermined
出版: New York, NY. McGraw-Hill 2005
主題:
標簽: 添加標簽
沒有標簽, 成為第一個標記此記錄!
Thư viện lưu trữ: Trung tâm Học liệu Trường Đại học Cần Thơ
LEADER 00639nam a2200229Ia 4500
001 CTU_117897
008 210402s9999 xx 000 0 und d
020 |c 66.50 
082 |a 332.632283 
082 |b K21 
100 |a Katz, Jeffrey Owen 
245 0 |a Advanced option pricing models : 
245 3 |b An empirical approach to valuing options 
245 0 |c Jeffrey Katz, Donna L. McCormick 
260 |a New York, NY. 
260 |b McGraw-Hill 
260 |c 2005 
650 |a options ( finance ) 
650 |x prices 
650 |z mathematical models 
904 |i Minh 
980 |a Trung tâm Học liệu Trường Đại học Cần Thơ